000 00979nam a2200301 c 4500
003 BLK
005 20180422095256.0
008 180413b bul|||||r ||||||| ||bul||
010 _aKNG00023935000
020 _a954-8952-25-4
_bиздат.: Силоам прес
040 _aBLK
041 _aBUL
_cBUL
080 _aБългарска литература
_b821.163.2
_x-1
_z821.163.2-1
100 1 _aИванова, Маргарита
_eпърви автор
_9365670
139 _aИванова, Маргарита
_bИ 22
245 1 0 _aИзповед
_bСтихотворения
_cМаргарита Иванова.
257 _aBGR
260 Русе
_bСилоам прес
_c2000
300 _a88 с.
_c20 см
380 _aX
500 _aОфс. изд.
653 _aстихотворения
852 _aЦб 210400
856 4 _qpdf
_u
856 4 _qpdf
_u
942 _cKNG
_n0
944 _aCR
_c15.01.2003
_kЛюдмила_Стоянова
944 _aED
_c02.02.2005
_k
999 _c21639
_d21639